000 00688nam a22002177a 4500
005 20140417113341.0
010 _aENG-109364
020 _a9788178002651
_c495.00
035 _aEN-92897
037 _bDBAD/PUB
082 _a020
245 _aNext generation librarianship :
_cedited by L.S. Ramaiah, K. Veeranjaneyulu [and] G. Sujatha
_bstrategies for change management /
250 _a
260 _aHyderabad
_bBS Publications
_c2012
270 _a4-4-309, Giriraj Lane, Sultan Bazar
_bHyderabad
_e500095
300 _axvi,355p.
_c24cm(pbk)
700 _aRamaiah,L. S.
700 _aVeeranjaneyulu,K.
700 _aSujatha,G.
942 _2ddc
_cEN
_mNEX
_h020
999 _c82660
_d82660